000 00734nam a2200265 i 4500
005 20260322212029.0
008 data
010 _a 75003963
020 _a0121050505
020 _a9780121050504
040 _aDLC
_cDLC
_dCtY
050 0 _aRC514
_b.B56
060 _aWM203 B644s
096 _aWM 203 B644s 1976
100 1 _aBlatt, Sidney J.
_q(Sidney Jules)
245 1 0 _aSchizophrenia :
_ba developmental analysis /
_cSidney J. Blatt, Cynthia M. Wild.
260 0 _aNew York :
_bAcademic Press,
_c1976.
300 _axii, 274 p. ;
_c24 cm.
500 _aIncludes indexes.
504 _aBibliography: p. 249-263.
650 0 _aSchizophrenia.
650 0 _aDevelopmental psychology.
700 1 _aWild, Cynthia M.
001 data
999 _c676
_d676